The Physiotherapist's Pocket guide to exercise : (Record no. 5043)
[ view plain ]
| 000 -LEADER | |
|---|---|
| fixed length control field | 01543cam a22003374a 4500 |
| 001 - CONTROL NUMBER | |
| control field | 15599615 |
| 003 - CONTROL NUMBER IDENTIFIER | |
| control field | OSt |
| 005 - DATE AND TIME OF LATEST TRANSACTION | |
| control field | 20161205185435.0 |
| 008 - FIXED-LENGTH DATA ELEMENTS--GENERAL INFORMATION | |
| fixed length control field | 090123s2009 stka bf 001 0 eng |
| 010 ## - LIBRARY OF CONGRESS CONTROL NUMBER | |
| LC control number | 2009002990 |
| 015 ## - NATIONAL BIBLIOGRAPHY NUMBER | |
| National bibliography number | GBA909934 |
| Source | bnb |
| 016 7# - NATIONAL BIBLIOGRAPHIC AGENCY CONTROL NUMBER | |
| Record control number | 101494305 |
| Source | DNLM |
| 016 7# - NATIONAL BIBLIOGRAPHIC AGENCY CONTROL NUMBER | |
| Record control number | 014894210 |
| Source | Uk |
| 020 ## - INTERNATIONAL STANDARD BOOK NUMBER | |
| International Standard Book Number | 9780443102691 (pbk.) |
| 020 ## - INTERNATIONAL STANDARD BOOK NUMBER | |
| International Standard Book Number | 0443102694 |
| 035 ## - SYSTEM CONTROL NUMBER | |
| System control number | (OCoLC)ocn300397002 |
| 040 ## - CATALOGING SOURCE | |
| Original cataloging agency | DNLM/DLC |
| Transcribing agency | DLC |
| Modifying agency | BTCTA |
| -- | NLM |
| -- | UKM |
| -- | C#P |
| -- | BWX |
| -- | YDXCP |
| -- | DLC |
| 042 ## - AUTHENTICATION CODE | |
| Authentication code | pcc |
| 082 ## - DEWEY DECIMAL CLASSIFICATION NUMBER | |
| Classification number | WB 541 |
| Item number | G997p 2009 |
| 100 1# - MAIN ENTRY--PERSONAL NAME | |
| Personal name | Glynn, Angela; Helen Fiddler. |
| 9 (RLIN) | 10810 |
| 245 14 - TITLE STATEMENT | |
| Title | The Physiotherapist's Pocket guide to exercise : |
| Remainder of title | assessment, prescription and training |
| 260 ## - PUBLICATION, DISTRIBUTION, ETC. (IMPRINT) | |
| Place of publication, distribution, etc. | Edinburgh ; |
| Name of publisher, distributor, etc. | Churchill Livingstone |
| Date of publication, distribution, etc. | 2009. |
| 300 ## - PHYSICAL DESCRIPTION | |
| Extent | ix, 218 p. : |
| Other physical details | col.ill ; |
| Dimensions | 19 cm. |
| 490 1# - SERIES STATEMENT | |
| Series statement | Pocketbook physiotherapy |
| 504 ## - BIBLIOGRAPHY, ETC. NOTE | |
| Bibliography, etc | Includes bibliographical references and index. |
| 505 0# - FORMATTED CONTENTS NOTE | |
| Formatted contents note | Introduction to exercise physiology -- Principles of therapeutic exercise design -- Exercise to increase cardiovascular fitness -- Exercise to increase muscle strength -- Exercise to increase muscle endurance -- Exercise to improve power -- Exercise to increase range of movement and flexibility -- Prescription of home exercise programmes -- Group exercise -- Exercise through the life span -- Exercise in acute conditions -- Exercise in people with chronic conditions -- Case studies. |
| 650 #0 - SUBJECT ADDED ENTRY--TOPICAL TERM | |
| Topical term or geographic name as entry element | Physiotherapy |
| 9 (RLIN) | 10811 |
| 650 12 - SUBJECT ADDED ENTRY--TOPICAL TERM | |
| Topical term or geographic name as entry element | Exercise |
| 9 (RLIN) | 10812 |
| 906 ## - LOCAL DATA ELEMENT F, LDF (RLIN) | |
| a | 7 |
| b | cbc |
| c | orignew |
| d | 1 |
| e | ecip |
| f | 20 |
| g | y-gencatlg |
| 942 ## - ADDED ENTRY ELEMENTS (KOHA) | |
| Source of classification or shelving scheme | Other/Generic Classification Scheme |
| Koha item type | Open Shelf |
| Withdrawn status | Lost status | Source of classification or shelving scheme | Damaged status | Not for loan | Home library | Current library | Date acquired | Source of acquisition | Inventory number | Total Checkouts | Full call number | Barcode | Date last seen | Koha item type |
|---|---|---|---|---|---|---|---|---|---|---|---|---|---|---|
| Other/Generic Classification Scheme | MUST Main Library | MUST Main Library | 18/08/2016 | 14/38207 | WB 541 G997p 2009 | 2016-3751 | 18/08/2016 | Open Shelf |
